000 00874nam0a22002651 4500
001 RU\INFOCOMM_429\NLR\5000007598
005 20250614081054.0
010 _97800экз.
_z5-05-003812-х
035 _a(NLR Aleph) 010626646
090 _a10621438
_c10621438
100 _a20130328d1991 |||y0rusy50 ca
101 1 _afre
_crus
102 _aRU
105 _ay z||||
200 1 _aˆLe ‰sage Jirenché et la belle Karachach
_eConte kaz.
_fTrad. de russe par Catherine Emery
_gIll. d'Alexandre Kochkine
210 _aM.
_cRadouga
_d1991
215 _a16 с.
_cцв. ил.
_d28 см
300 _aВ вып. дан.: Мудрый Жиренше и красавица Караншаш
620 _aМосква
686 _aДл760
_2rubbk
801 1 _aRU
_bInfocomm
_c20130328
801 0 _aRU
_bINFOCOMM
_gPSBO
852 _aNLR
_jДл01 Д-8/2032
942 _cBOOK
980 _aNB